Navarra, historia y arte (Record no. 83905)

MARC details
000 -LEADER
campo de control de longitud fija 00612nam a2200181 i 4500
001 - NÚMERO DE CONTROL
campo de control 83905
003 - IDENTIFICADOR DE NÚMERO DE CONTROL
campo de control ES-MaACL
007 - CAMPO FIJO DE DESCRIPCIÓN FÍSICA--INFORMACIÓN GENERAL
campo de control de longitud fija t|
008 - DATOS DE LONGITUD FIJA--INFORMACIÓN GENERAL
campo de control de longitud fija 041118s1982 sp ||||1| spa d
100 1# - ENTRADA PRINCIPAL--NOMBRE DE PERSONA
Nombre de persona Itúrbide Díaz, Javier.
9 (RLIN) 65620
245 10 - MENCIÓN DEL TÍTULO
Título Navarra, historia y arte
Resto del título : doce guías para su estudio /
Mención de responsabilidad, etc. Javier Iturbide Díaz, Román Felones Morrás.
260 ## - PUBLICACIÓN, DISTRIBUCIÓN, ETC.
Lugar de publicación, distribución, etc. [Pamplona] :
Nombre del editor, distribuidor, etc. Diputación Foral de Navarra,
Fecha de publicación, distribución, etc. [1982]
300 ## - DESCRIPCIÓN FÍSICA
Extensión 250 p. :
Otras características físicas il. ;
Dimensiones 28 cm.
700 1# - ENTRADA AGREGADA--NOMBRE PERSONAL
Nombre de persona Felones Morrás, Román.
9 (RLIN) 49228
852 ## - LOCALIZACIÓN
Ubicación ES-MaACL
Número de control de estantería L-4523
Sublocalización o colección R.105203
852 ## - LOCALIZACIÓN
Ubicación ES-MaACL
Número de control de estantería L-16437
Sublocalización o colección R.119330
Holdings
Estatus retirado Estado de pérdida Fuente del sistema de clasificación o colocación Estado de daño Restricciones de uso No para préstamo Biblioteca de origen Biblioteca actual Ubicación en estantería Fecha de adquisición Número de inventario Total de préstamos Signatura topográfica completa Código de barras Visto por última vez Precio de reemplazo Tipo de ítem Koha
    Clasificación decimal universal   Duplicado   Biblioteca del Ateneo de Madrid Biblioteca del Ateneo de Madrid Depósito 2 17/01/2008 R.119330   L-16437 1009470 23/02/2023 23/02/2023 Libro impreso
    Clasificación decimal universal       Biblioteca del Ateneo de Madrid Biblioteca del Ateneo de Madrid Depósito 2 17/01/2008 R.105203   L-4523 1087688 23/02/2023 23/02/2023 Libro impreso